000 00554nam a2200193 i 4500
001 96428
003 ES-MaACL
005 20250710062726.0
007 t|
008 050617s1958 fr ||||1| fre d
100 1 _aMaillet, Pierre.
_975582
245 1 3 _aLa structure economique de la France /
_cpar Pierre Maillet.
250 _a[1ยช ed.].
260 _aParis :
_bPresses Universitaires de France,
_c1958.
490 1 _aQue sais-je? ;
_v791
830 0 0 _aQue sais-je?
_v791
_9180931
852 _aES-MaACL
_jC-15646
_bR.43285
999 _c96428
_d96428